000 00986nam0a22002771 4500
001 rc\3592194
005 20250610080042.0
021 _aRU
_b[74-97834]
035 _a(NLR Aleph) 007809086
090 _a7707615
_c7707615
100 _a20130115d1974 |||y0rusy50 ca
101 0 _arus
102 _aRU
105 _aa z |||a|
200 1 _aПоэма о нефтяном континенте
_e[Фотоальбом]
_fСъемка А. Лидова
_gСценарий И. Саркисяна
_gТекст А. Давидьянца
210 _a[Москва]
_cПланета
_d1974
215 _a[189] с.
_cил.
_d22
607 _aТюменская область
_jФотоальбомы
_2psbo
702 1 _aСаркисян
_bИ.
_4570
702 1 _aЛидов
_bА.
_4570
702 1 _aДавидьянц
_bА.А.
_gАндрей Арсеньевич
_4570
801 0 _aRU
_bNLR
_gpsbo
801 1 _aRU
_bELAR
_2rusmarc
852 _aNLR
_jЭ АлИр1003-1/2-9
942 _cBOOK
980 _aNB